000
00268 a2200109 4500
000
nam a22 7a 4500
020
_a
9789387944893
100
_a
Sharma,Robin
_9
111
245
_a
5 AM clib: Own your morning elevate your life
260
_b
Jaico
_c
2018
264
_b
Jaico
999
_c
35997
_d
35997